Beiträge zur Verwaltung und Gesellschaft Babyloniens in der Kassitenzeit
| Main Author: | |
|---|---|
| Corporate Author: | |
| Format: | Print Book |
| Language: | German |
| Subito Delivery Service: | Order now. |
| Check availability: | HBZ Gateway |
| WorldCat: | WorldCat |
| Interlibrary Loan: | Interlibrary Loan for the Fachinformationsdienste (Specialized Information Services in Germany) |
| Published: |
Mainz am Rhein
von Zabern
2001
|
| In: |
Baghdader Forschungen (21)
Year: 2001 |
| Series/Journal: | Baghdader Forschungen
21 |
| Standardized Subjects / Keyword chains: | B
Babylonia
/ Administration (motif)
/ History 1600 BC-1155 BC
/ Cuneiform text
B Babylonia / Social history studies 1600 BC-1155 BC / Cuneiform text B Babylonia / Ethnic group / Law / Administration (motif) / History 1530 BC-1155 BC B Kassites / Middle Babylonian / Document |
| Further subjects: | B
Kassites - Social conditions
B Babylonia - Social conditions B Spring |
MARC
| LEADER | 00000cam a2200000 c 4500 | ||
|---|---|---|---|
| 001 | 328359793 | ||
| 003 | DE-627 | ||
| 005 | 20251222220232.0 | ||
| 007 | tu | ||
| 008 | 010425s2001 gw ||||| 00| ||ger c | ||
| 015 | |a 01,N19,0603 |2 dnb | ||
| 015 | |a 01,A35,1603 |2 dnb | ||
| 016 | 7 | |a 961053577 |2 DE-101 | |
| 020 | |a 3805324715 |c Gewebe |9 3-8053-2471-5 | ||
| 035 | |a (DE-627)328359793 | ||
| 035 | |a (DE-599)GBV328359793 | ||
| 035 | |a (OCoLC)248354536 | ||
| 040 | |a DE-627 |b ger |c DE-627 |e rakwb | ||
| 041 | |a ger | ||
| 044 | |c XA-DE | ||
| 050 | 0 | |a DS73.4 | |
| 050 | 0 | |a DS73.4 | |
| 082 | 0 | |a 935 | |
| 084 | |a 60 |2 sdnb | ||
| 084 | |a 6,22 |2 ssgn | ||
| 084 | |a EM 2700 |2 rvk |0 (DE-625)rvk/24936: | ||
| 084 | |a NG 2400 |q BVB |2 rvk |0 (DE-625)rvk/125427: | ||
| 084 | |a NG 4000 |q BVB |2 rvk |0 (DE-625)rvk/125432:13122 | ||
| 084 | |a 15.26 |2 bkl | ||
| 100 | 1 | |8 1\p |0 (DE-588)1045782939 |0 (DE-627)775118532 |0 (DE-576)184094453 |4 aut |a Sassmannshausen, Leonhard | |
| 109 | |a Sassmannshausen, Leonhard | ||
| 245 | 1 | 0 | |a Beiträge zur Verwaltung und Gesellschaft Babyloniens in der Kassitenzeit |c Leonhard Sassmanshausen |
| 264 | 1 | |a Mainz am Rhein |b von Zabern |c 2001 | |
| 300 | |a XIII, 523, 92 S |b Ill | ||
| 336 | |a Text |b txt |2 rdacontent | ||
| 337 | |a ohne Hilfsmittel zu benutzen |b n |2 rdamedia | ||
| 338 | |a Band |b nc |2 rdacarrier | ||
| 361 | 1 | |5 DE-18-303 |y 4589120577 |s 4-AS/ EM 2700 S252 |o Vorbesitz |a Renger, Johannes |0 (DE-588)121653331 |0 (DE-627)08144611X |0 (DE-576)213846241 | |
| 490 | 1 | |a Baghdader Forschungen |v Bd. 21 | |
| 583 | 1 | |a Archivierung prüfen |c 20240324 |f DE-4165 |z 1 |2 pdager | |
| 601 | |a Beitrag | ||
| 601 | |a Gesellschaft | ||
| 653 | 0 | |a Babylonia - Social conditions | |
| 653 | 0 | |a Kassites - Social conditions | |
| 655 | 7 | |a Quelle |0 (DE-588)4135952-5 |0 (DE-627)105661236 |0 (DE-576)209665084 |2 gnd-content | |
| 689 | 0 | 0 | |d g |0 (DE-588)4004102-5 |0 (DE-627)10638757X |0 (DE-576)208853987 |2 gnd |a Babylonien |
| 689 | 0 | 1 | |d s |0 (DE-588)4063317-2 |0 (DE-627)106128507 |0 (DE-576)209148136 |2 gnd |a Verwaltung |
| 689 | 0 | 2 | |q z |2 gnd |a Geschichte v1600-v1155 |
| 689 | 0 | 3 | |d s |0 (DE-588)4130946-7 |0 (DE-627)105698687 |0 (DE-576)209623314 |2 gnd |a Keilschrifttext |
| 689 | 0 | |5 DE-101 | |
| 689 | 1 | 0 | |d g |0 (DE-588)4004102-5 |0 (DE-627)10638757X |0 (DE-576)208853987 |2 gnd |a Babylonien |
| 689 | 1 | 1 | |q z |2 gnd |a Sozialgeschichte v1600-v1155 |
| 689 | 1 | 2 | |d s |0 (DE-588)4130946-7 |0 (DE-627)105698687 |0 (DE-576)209623314 |2 gnd |a Keilschrifttext |
| 689 | 1 | |5 DE-101 | |
| 689 | 2 | 0 | |d g |0 (DE-588)4004102-5 |0 (DE-627)10638757X |0 (DE-576)208853987 |2 gnd |a Babylonien |
| 689 | 2 | 1 | |d s |0 (DE-588)4153095-0 |0 (DE-627)104115971 |0 (DE-576)209800658 |2 gnd |a Ethnische Gruppe |
| 689 | 2 | 2 | |d s |0 (DE-588)4048737-4 |0 (DE-627)106189719 |0 (DE-576)20907907X |2 gnd |a Recht |
| 689 | 2 | 3 | |d s |0 (DE-588)4063317-2 |0 (DE-627)106128507 |0 (DE-576)209148136 |2 gnd |a Verwaltung |
| 689 | 2 | 4 | |q z |2 gnd |a Geschichte v1530-v1155 |
| 689 | 2 | |5 (DE-627) | |
| 689 | 3 | 0 | |d s |0 (DE-588)4073290-3 |0 (DE-627)106092693 |0 (DE-576)209190108 |2 gnd |a Kassiten |
| 689 | 3 | 1 | |d s |0 (DE-588)4120257-0 |0 (DE-627)105777765 |0 (DE-576)209533579 |2 gnd |a Mittelbabylonisch |
| 689 | 3 | 2 | |d s |0 (DE-588)4062132-7 |0 (DE-627)104675098 |0 (DE-576)209142618 |2 gnd |a Urkunde |
| 689 | 3 | |5 (DE-627) | |
| 710 | 2 | |0 (DE-588)5183530-7 |0 (DE-627)215349741 |0 (DE-576)195892631 |4 oth |a Deutsches Archäologisches Institut |b Orient-Abteilung | |
| 830 | 0 | |a Baghdader Forschungen |v 21 |9 2100 |w (DE-627)12995103X |w (DE-576)007402503 |w (DE-600)402645-7 |7 am | |
| 883 | |8 1\p |a cgwrk |d 20241001 |q DE-101 |u https://d-nb.info/provenance/plan#cgwrk | ||
| 936 | r | v | |a EM 2700 |b Rechts- und Verwaltungsurkunden |k Allgemeine und vergleichende Sprach- und Literaturwissenschaft. Indogermanistik. Außereuropäische Sprachen und Literaturen |k Altorientalische Sprachen und Literaturen |k Akkadisch-Sumerische Literatur |k Textsammlungen und Sekundärliteratur |k Einzelne Gattungen (auch gattungsbezogene Sekundärliteratur und Übersetzungen) |k Rechts- und Verwaltungsurkunden |0 (DE-627)1271232561 |0 (DE-625)rvk/24936: |0 (DE-576)201232561 |
| 936 | r | v | |a NG 2400 |b Wirtschafts- und Sozialgeschichte |k Geschichte |k Alte Geschichte |k Geschichte und Kultur des alten Orients und der Mittelmeervölker (ohne Griechen und Römer) |k Wirtschafts- und Sozialgeschichte |0 (DE-627)1271452561 |0 (DE-625)rvk/125427: |0 (DE-576)201452561 |
| 936 | r | v | |a NG 4000 |b Allgemeines |k Geschichte |k Alte Geschichte |k Geschichte und Kultur des alten Orients und der Mittelmeervölker (ohne Griechen und Römer) |k Einzelne Reiche und Völker |k Irak (Mesopotamien mit Umland; Sumer, Akkad, Babylon und Assur) |k Allgemeines |0 (DE-627)1271452596 |0 (DE-625)rvk/125432:13122 |0 (DE-576)201452596 |
| 936 | b | k | |a 15.26 |j Alter Orient |j Nordafrika |x Alte Geschichte |0 (DE-627)181571021 |
| 951 | |a BO | ||
| BIB | |a 1 | ||
| ELC | |b 1 | ||
| ORI | |a SA-MARC-ixtheo_oa001.raw | ||
| REF | |a Rechtsgeschichte,Verwaltungsgeschichte | ||
| REL | |a 1 | ||
| STA | 0 | 0 | |a Administration (motif),Administration,Public administration,State administration,Public administration,Babylonia,Cuneiform text,Document,Record,Deed,Charter,Ethnic group,Kassites,Law,Law,Right,Law,Jurisprudence,Law in literature,Middle Babylonian |
| STB | 0 | 0 | |a Administration (motif),Administration,Administration publique,Charte,Document (officiel),Document,Droit,Droit,Groupe ethnique,Inscription cunéiforme,Kassites,Cassites,Cassites,Moyen babylonien |
| STC | 0 | 0 | |a Administración,Babilónico medio,Casitas,Derecho,Derecho,Documento,Certificado,Certificado,Grupo étnico,Texto cuneiforme |
| STD | 0 | 0 | |a Amministrazione,Agenzie amministrative,Atto <diritto>,Documento ufficiale,Documento ufficiale,Cassiti,Diritto,Diritto,Gruppo etnico,Medio babilonese,Testo cuneiforme |
| STE | 0 | 0 | |a 文书,证件,族群,种族集团,楔形文字文本,法律,法律,法制,法制,管理,行政 |
| STF | 0 | 0 | |a 文書,證件,族群,種族集團,楔形文字文本,法律,法律,法制,法制,管理,行政 |
| STG | 0 | 0 | |a Administração,Babilônico médio,Cassitas,Direito,Direito,Documento,Certificado,Certificado,Grupo étnico,Texto cuneiforme |
| STH | 0 | 0 | |a Администрация,Документ,Свидетельство,Касситы,Клинописный текст,Право (мотив),Право,Средневавилонский,Этническая группа |
| STI | 0 | 0 | |a Έγγραφο,Δίκαιο (μοτίβο),Δίκαιο,Διοίκηση,Εθνοτική ομάδα,Κασσίτες,Κείμενο σφηνοειδούς γραφής,Μέση Βαβυλωνιακή |
| SUB | |a BIB |a REL | ||
| SYG | 0 | 0 | |a Babylonisches Reich,Babylonisches Reich , Administration,Öffentliche Verwaltung,Staatsverwaltung,Verwalten,Verwaltungssystem , Babylonisches Reich,Babylonisches Reich , Babylonisches Reich,Babylonisches Reich , Ethnie,Volksgruppe,Ethnos , Administration,Öffentliche Verwaltung,Staatsverwaltung,Verwalten,Verwaltungssystem , Cassiten , Quelle,Akten,Urkunden,Urkundenwesen |
| TIM | |a 099984000101_099988451231 |b Geschichte v1600-v1155 | ||



